000 01104cad a22002295a 4500
001 E144166
008 080627s2008 xxk f 000 0 eng d
020 _a9780755917419
035 _a(Sirsi) u144166
041 0 _aeng
050 0 4 _a306 $2 18
110 2 _aScotland
_bScottish Government
_95344
245 0 0 _aLocal housing strategy guidance
_h[electronic publication]
260 _a[Edinburgh]
_bScottish Government
_c2008
520 _aSets out changes to the system of local housing strategies which have occurred following the Concordat between the Scottish Government and the Convention of Scottish Local Authorities. Local housing strategies will now be broader in scope, covering homelessness, housing support needs and fuel poverty, and will have a clearer emphasis on strategic outcomes.
521 _aAdvanced
590 _aKA
651 4 _aScotland
_y1999-
690 _aPROPERTY-RESIDENTIAL PROPERTY-DOMESTIC RESIDENTIAL PROPERTY-HOUSING
856 4 8 _uhttps://www.scotland.gov.uk/Publications/2008/06/25093503/0
_zView the item free of charge at www.scotland.gov.uk...
942 _n0
999 _c108400
_d108400